Multi-tenanted buildings 2007 (Record no. 106011)
[ view plain ]
| 000 -LEADER | |
|---|---|
| fixed length control field | 01057cam a2200253 4500 |
| 001 - CONTROL NUMBER | |
| control field | ##L135343 |
| 008 - FIXED-LENGTH DATA ELEMENTS--GENERAL INFORMATION | |
| fixed length control field | 061017n2006 000 0 eng u |
| 020 ## - INTERNATIONAL STANDARD BOOK NUMBER | |
| International Standard Book Number | 1900648571 |
| 035 ## - SYSTEM CONTROL NUMBER | |
| System control number | (Sirsi) u135343 |
| 041 0# - LANGUAGE CODE | |
| Language code of text/sound track or separate title | eng |
| 050 04 - LIBRARY OF CONGRESS CALL NUMBER | |
| Classification number | 346.410434 $2 18 |
| 100 1# - MAIN ENTRY--PERSONAL NAME | |
| Personal name | Jordan, Nick |
| 245 00 - TITLE STATEMENT | |
| Title | Multi-tenanted buildings 2007 |
| Remainder of title | rights and responsibilities |
| -- | special report |
| 260 ## - PUBLICATION, DISTRIBUTION, ETC. | |
| Place of publication, distribution, etc. | [S.l.] |
| Name of publisher, distributor, etc. | Workplace Law Group |
| Date of publication, distribution, etc. | 2006 |
| 300 ## - PHYSICAL DESCRIPTION | |
| Extent | 114p. |
| Dimensions | 30cm. |
| 350 ## - PRICE (NR) (BK AM CF MU VM SE) [OBSOLETE] | |
| Price | 94 |
| 505 1# - FORMATTED CONTENTS NOTE | |
| Formatted contents note | A guide to new legislation -- Current legislation -- Legislative developments -- Multi-tenanted buildings: key cases -- Current issues -- Leases -- Charges -- Communal areas -- Health and safety: who is responsible -- Security -- Environment -- Access and egress -- Staff issues -- Offices of the future |
| 520 ## - SUMMARY, ETC. | |
| Summary, etc. | Comprehensive research and up-to-date guidance on law and regulation for property managers, owners and tenants. |
| 590 ## - LOCAL NOTE (RLIN) | |
| Local note | IKA141106 |
| 651 #4 - SUBJECT ADDED ENTRY--GEOGRAPHIC NAME | |
| Geographic name | England and Wales |
| Chronological subdivision | 1543- |
| 690 ## - LOCAL SUBJECT ADDED ENTRY--TOPICAL TERM (OCLC, RLIN) | |
| Topical term or geographic name as entry element | Landlord and tenant |
| 9 (RLIN) | 6252 |
| 942 ## - ADDED ENTRY ELEMENTS (KOHA) | |
| Suppress in OPAC | 0 |
| Withdrawn status | Lost status | Source of classification or shelving scheme | Damaged status | Not for loan | Home library | Current library | Shelving location | Date acquired | Cost, normal purchase price | Total Checkouts | Full call number | Barcode | Date last seen | Date last checked out | Copy number | Cost, replacement price | Price effective from | Koha item type |
|---|---|---|---|---|---|---|---|---|---|---|---|---|---|---|---|---|---|---|
| Dewey Decimal Classification | London | London | Basement | 10/11/2006 | 94.00 | 3 | Archive F346.410434 JOR | 30073454 | 11/06/2024 | 15/03/2007 | 1 | 94.00 | 06/08/2019 | Archive |